000 00472nss a2200193 a 4500
003 AR-X00000XY
005 20251128212015.0
008 117020s1942 ||||||||||||||000 | spa||
040 _cAR-X00000XY
245 1 0 _aLettres françaises
260 _aBuenos Aires
_c1942
300 0 _a70 p.
310 _aTrimestral
500 0 _aCon subrayado de Alejandra Pizarnik
655 _aLITERATURA
700 1 _aCaillois, Roger
_edirector
942 _cCR
998 _cmartin
999 _c22038
_d22038